Statistics for every red tv song

Click here to take the quiz!

General Stats

  • This quiz has been taken 67 times
  • The average score is 25 of 30

Answer Stats

Red songs% Correct
All Too Well (10 Minute Version) (Taylor’s Version) [From The Vault]
100%
All Too Well (Taylor's Version)
100%
Red (Taylor's Version)
100%
State Of Grace (Acoustic Version) (Taylor’s Version)
100%
State of Grace (Taylor's Version)
100%
Treacherous (Taylor's Version)
100%
22 (Taylor's Version)
93%
Babe (Taylor’s Version) [From The Vault]
93%
Everything Has Changed (Taylor's Version) (Ft. Ed Sheeran)
93%
I Knew You Were Trouble (Taylor's Version)
93%
Ronan (Taylor's Version)
93%
The Last Time (Taylor's Version) (Ft. Gary Lightbody)
93%
We Are Never Ever Getting Back Together (Taylor's Version)
93%
Begin Again (Taylor's Version)
86%
Girl At Home (Taylor's Version)
86%
Starlight (Taylor's Version)
86%
Better Man (Taylor’s Version) [From The Vault]
79%
Forever Winter (Taylor’s Version) [From The Vault]
79%
Holy Ground (Taylor's Version)
79%
Message In A Bottle (Taylor’s Version) [From The Vault]
79%
Nothing New (Taylor’s Version) [From The Vault] (Ft. Phoebe Bridgers)
79%
Run (Taylor’s Version) [From The Vault] (Ft. Ed Sheeran)
79%
The Very First Night (Taylor’s Version) [From The Vault]
79%
Come Back...Be Here (Taylor's Version)
71%
I Bet You Think About Me (Taylor's Version) [From the Vault] (Ft. Chris Stapleton)
71%
Sad Beautiful Tragic (Taylor's Version)
71%
The Lucky One (Taylor's Version)
64%
I Almost Do (Taylor's Version)
57%
The Moment I Knew (Taylor's Version)
57%
Stay Stay Stay (Taylor's Version)
50%

Score Distribution

Percentile by Number Answered

Percent of People with Each Score

Your Score History

You have not taken this quiz